La science informatique /
Guardado en:
| Autor Principal: | |
|---|---|
| Formato: | Libro |
| Idioma: | French |
| Publicado: |
Paris :
Dunod,
1970.
|
| Materias: | |
| Etiquetas: |
Agregar Etiqueta
Sin Etiquetas, Sea el primero en etiquetar este registro!
|
| LEADER | 00536cam a2200181ua 4500 | ||
|---|---|---|---|
| 001 | MAT.inmabb006033 | ||
| 008 | 840419s1970####fr############000#0#fre## | ||
| 005 | 20110913152133.0 | ||
| 245 | 0 | 3 | |a La science informatique / |c par Jacques Arsac. |
| 260 | |a Paris : |b Dunod, |c 1970. | ||
| 300 | |a xx, 233 p. ; |c 22 cm. | ||
| 100 | 1 | |a Arsac, Jacques. | |
| 650 | 0 | |a Electronic data processing. | |
| 650 | 0 | |a Electronic digital computers. | |
| 084 | |a 68 |2 msc2000 | ||
| 010 | |a 72514389 | ||
| 040 | |a DLC |c CarP |d DLC | ||
| 859 | |h 68 |i Ar781 |p A-5291 |b BIB. MATEMATICA | ||
